000 00770nam a2200217Ia 4500
003 GCL
008 140319s9999 xx 000 0 ara d
040 _aGCL /
_cGCL
082 0 4 _a953.07393
_bش م
100 1 _aالشيرزى , عبدالرحمن بن نصر بن
245 1 0 _aالمنهج المسلوك فى سياسة الملوك /
_cالشيرزى , عبدالرحمن بن نصر بن
700 1 _aعلى عبدالله الموسى (تحقيق ودراسة)
260 _a[S.N] :
_bمكتبة المنار ،
_c1987
300 _a799 ص
490 _a
650 0 4 _aالادب العربى
650 0 4 _aالتاريخ الاسلامى
650 0 4 _aالعلوم عند العرب
650 0 4 _aالحضارة الاسلامية
942 _2ddc
_cBK
999 _c29845
_d29845